Les 15 Pays qui ont le plus grand ratio longueur de côtes / périmètre - Statistiques

Statistiques générales
  • Ce quiz a été pris 52 fois
  • Le résultat moyen est 9 sur 15
Statistiques - réponses
Pourcentage Pays % Correct
82,5% France
87%
96,96 % Norvège
83%
95,78% Canada
79%
95,08% Indonésie
74%
92,77% Grèce
72%
97,19% Royaume-Uni
72%
99,08% Danemark
70%
91,02% Corée du Sud
64%
81,77% Panama
47%
86,27% Papouasie-Nouvelle-Guinée
43%
90,37% Qatar
43%
83,11% Haïti
38%
82,41% République Dominicaine
34%
85,7% Estonie
32%
81,16% Chypre
28%
Aucun quiz correspondant
Distribution des résultats
% des personnes avec chaque résultat
Percentile par nombre de réponses
Votre historique - résultats
Vous n’avez pas pris ce quiz